<?xml version="1.0" encoding="UTF-8"?><?xml-stylesheet type="text/xsl" href="static/style.xsl"?><OAI-PMH xmlns="http://www.openarchives.org/OAI/2.0/" xmlns:xsi="http://www.w3.org/2001/XMLSchema-instance" xsi:schemaLocation="http://www.openarchives.org/OAI/2.0/ http://www.openarchives.org/OAI/2.0/OAI-PMH.xsd"><responseDate>2026-06-01T09:54:57Z</responseDate><request verb="GetRecord" identifier="oai:riuma.uma.es:10630/34523" metadataPrefix="marc">https://riuma.uma.es/rest/oai/request</request><GetRecord><record><header><identifier>oai:riuma.uma.es:10630/34523</identifier><datestamp>2026-02-03T11:15:22Z</datestamp><setSpec>com_10630_2254</setSpec><setSpec>col_10630_37953</setSpec></header><metadata><record xmlns="http://www.loc.gov/MARC21/slim" xmlns:dcterms="http://purl.org/dc/terms/" xmlns:doc="http://www.lyncode.com/xoai" xmlns:xsi="http://www.w3.org/2001/XMLSchema-instance" xsi:schemaLocation="http://www.loc.gov/MARC21/slim http://www.loc.gov/standards/marcxml/schema/MARC21slim.xsd">
   <leader>00925njm 22002777a 4500</leader>
   <datafield ind2=" " ind1=" " tag="042">
      <subfield code="a">dc</subfield>
   </datafield>
   <datafield ind2=" " ind1=" " tag="720">
      <subfield code="a">Martínez-Mateo, Carlos José</subfield>
      <subfield code="e">author</subfield>
   </datafield>
   <datafield ind2=" " ind1=" " tag="260">
      <subfield code="c">2020-04</subfield>
   </datafield>
   <datafield ind2=" " ind1=" " tag="520">
      <subfield code="a">Con la entrada de la LO 5/2010, el artículo 31 bis del CP y con la posterior entrada en&#xd;
vigor de la LO 1/2015, última reforma del Código Penal (Art. 31 bis 1 CP), se atribuye a&#xd;
las personas jurídicas, la responsabilidad penal directa e independiente respecto de sus&#xd;
propios administradores o directivos de la sociedad.&#xd;
En el presente artículo, se analizará entre otros aspectos, la consideración como sujetos&#xd;
activos de delitos a las entidades colaboradoras con la Seguridad Social, asi como el&#xd;
estudio de la responsabilidad penal directa e independiente de éstas, respecto de sus&#xd;
propios administradores o directivos.</subfield>
   </datafield>
   <datafield ind1="8" ind2=" " tag="024">
      <subfield code="a">Martínez-Mateo, Carlos José, La controvertida identificación de las entidades colaboradoras con la seguridad social como sujeto activo de delitos.Revista Científica DOCRIM 4 (Enero-Abril 2020) – http://www.docrim.es/revista/ – ISSN 2659-7705</subfield>
   </datafield>
   <datafield ind1="8" ind2=" " tag="024">
      <subfield code="a">2659-7705</subfield>
   </datafield>
   <datafield ind1="8" ind2=" " tag="024">
      <subfield code="a">http://www.docrim.es/revista/</subfield>
   </datafield>
   <datafield ind1="8" ind2=" " tag="024">
      <subfield code="a">https://hdl.handle.net/10630/34523</subfield>
   </datafield>
   <datafield tag="653" ind2=" " ind1=" ">
      <subfield code="a">Derecho penal</subfield>
   </datafield>
   <datafield tag="653" ind2=" " ind1=" ">
      <subfield code="a">Personas jurídicas</subfield>
   </datafield>
   <datafield ind2="0" ind1="0" tag="245">
      <subfield code="a">La controvertida identificación de las entidades colaboradoras con la Seguridad Social como sujeto activo de delitos.</subfield>
   </datafield>
</record>
</metadata></record></GetRecord></OAI-PMH>